000 01032nam a2200217Ia 4500
003 OSt
005 20210120081650.0
008 191128s2008 ck gr 000 0 spa d
020 _a9789588269252
040 _aCO-JMCR
_cCO-JMCR
041 0 _aspa
082 0 4 _a796.026 /
_bI572m
_223
110 2 _aInstituto Colombiano del Deporte.
_bOficina de Inspección, Vigilancia y Control
_912893
245 1 0 _aMinutas y modelos para la Organización Deportiva /
_cInstituto Colombiano del Deporte
260 _aArmenia :
_bInstituto Colombiano del Deporte, Coldeportes : Kinesis,
_c2008
300 _a163 páginas ;
_c24 cm.
505 0 _aModelo de estatuto de clubes deportivos con un solo miembro en el órgano de administración -- Modelo artículos de los estatutos de clubes, que deben reformar cuando se tratan de clubes promotores -- Modelo de estatuto de ligas deportivas departamentales
650 1 4 _aDeportes
_zColombia
_910398
650 1 4 _aAdministración deportiva
_xmodelos, minutas, etc.
_zColombia
_910399
942 _2ddc
_cBK
999 _c6209
_d6209